| 000 | 00485cam a22001577a 4500 | ||
|---|---|---|---|
| 008 | 180718b2004 xxu||||| |||| 00| 0 eng d | ||
| 020 | _a8126120290 | ||
| 082 | _aL69x54 Sh86 | ||
| 100 | _aShrivastava, M.P. | ||
| 245 |
_aUnion-state financial relations in India _cby M.P. Shrivastava |
||
| 260 |
_aNew Delhi _bAnmol _c2004 |
||
| 300 | _a584p. | ||
| 650 | _a(Written off) | ||
| 650 | _aCentral-local government relations - India | ||
| 650 | _aIntergovernmental fiscal relations - India | ||
| 999 |
_c403569 _d403569 |
||